[Event "Lichtenrader Herbst 2006"]
[Site "Berlin"]
[Date "2006.10.04"]
[Round "5.7"]
[White "Meissner, Hans-Juergen"]
[Black "Gruenwald, Alexander"]
[Result "1-0"]
[WhiteElo "2225"]
[BlackElo "2070"]
[PlyCount "91"]
[EventDate "2006.??.??"]

1. d4 Nf6 2. Nf3 e6 3. c4 b6 4. g3 Bb7 5. Bg2 Bb4+ 6. Bd2 Bxd2+ 7. Qxd2 O-O 8.
Nc3 d6 9. O-O Nbd7 10. d5 Nc5 11. Nd4 e5 12. Nc6 Bxc6 13. dxc6 Qe7 14. b4 Ne6
15. e3 a5 16. a3 h6 17. f4 Rfd8 18. Qb2 Nf8 19. Rae1 e4 20. Rd1 axb4 21. axb4
Ra6 22. Rd4 Rda8 23. Re1 Ra3 24. h3 Ne6 25. Rdd1 Nd8 26. b5 Ne6 27. Ra1 Rxa1
28. Rxa1 Rxa1+ 29. Qxa1 Nc5 30. Qa8+ Kh7 31. Qc8 g6 32. g4 Ne6 33. Kf2 Kg7 34.
Kg3 Nc5 35. h4 Nd3 36. g5 Nh5+ 37. Kh2 hxg5 38. hxg5 Nhxf4 39. exf4 Nxf4 40.
Qg4 Nxg2 41. Kxg2 e3 42. Qd4+ Kg8 43. Ne4 Qe6 44. Nf6+ Kf8 45. Nd5 Kg8 46. Qh4
1-0

[Event "Lichtenrader Herbst 2006"]
[Site "Berlin"]
[Date "2006.10.04"]
[Round "5.8"]
[White "Haemmerlein, Thomas"]
[Black "Offermann, Fernando"]
[Result "1-0"]
[WhiteElo "2195"]
[BlackElo "2082"]
[PlyCount "193"]
[EventDate "2006.??.??"]

1. c4 g6 2. Nf3 Bg7 3. Nc3 Nf6 4. b3 O-O 5. Bb2 Nc6 6. d4 d5 7. e3 Re8 8. Be2
e6 9. O-O dxc4 10. Bxc4 Nd7 11. Bb5 Ne7 12. Rc1 a6 13. Be2 e5 14. Ne4 exd4 15.
Bxd4 Nc6 16. Bxg7 Kxg7 17. Qc2 Qe7 18. Qb2+ f6 19. Nc3 Nb6 20. Rfe1 Ne5 21. Ne4
Nf7 22. Nc5 Nd7 23. Nd3 c6 24. Nf4 Nde5 25. Nd4 Nh6 26. Bc4 Nxc4 27. bxc4 Nf7
28. c5 Ng5 29. f3 Nf7 30. h4 Ne5 31. Rc3 a5 32. Qf2 a4 33. Qg3 Kh8 34. h5 g5
35. h6 Qf7 36. Nd3 Nxd3 37. Rxd3 Qg6 38. e4 Qxh6 39. Red1 Qf8 40. Rc1 Re5 41.
f4 Rxc5 42. Rf1 gxf4 43. Qxf4 Bd7 44. Qc7 Bg4 45. Nf5 Bxf5 46. exf5 Rc8 47.
Qxb7 Rb5 48. Qd7 Qc5+ 49. Kh1 Qf8 50. Rh3 h6 51. Qd2 Rb7 52. Rxh6+ Qxh6+ 53.
Qxh6+ Rh7 54. Qxh7+ Kxh7 55. Rf4 c5 56. Rh4+ Kg7 57. Rc4 Kf7 58. Kg1 Ke7 59.
Kf2 Kd6 60. Ke3 Ra8 61. Re4 Kd5 62. Kd3 Rg8 63. g4 Rh8 64. Rxa4 Rh3+ 65. Kd2 c4
66. Ra8 Kd4 67. Rd8+ Ke4 68. Rd6 Rg3 69. Rxf6 Rxg4 70. Kc3 Kd5 71. Rg6 Rf4 72.
Rg5 Rf3+ 73. Kb4 Rf2 74. f6+ Kd4 75. Rg4+ Kd5 76. f7 Rxf7 77. Rxc4 Ra7 78. Rc2
Rb7+ 79. Ka5 Ra7+ 80. Kb5 Rb7+ 81. Ka6 Rb1 82. a4 Kd6 83. a5 Kd7 84. Rc5 Rb2
85. Ka7 Rb1 86. a6 Rb2 87. Rh5 Rb1 88. Rh7+ Kc8 89. Rb7 Ra1 90. Rb8+ Kc7 91.
Rb3 Kc6 92. Rb2 Kc7 93. Rc2+ Kd8 94. Rc6 Kd7 95. Kb7 Rb1+ 96. Rb6 Rc1 97. a7
1-0

[Event "Lichtenrader Herbst 2006"]
[Site "Berlin"]
[Date "2006.10.04"]
[Round "5.9"]
[White "Zschaebitz, Klaus"]
[Black "Neerforth, Philipp"]
[Result "0-1"]
[WhiteElo "2066"]
[BlackElo "2184"]
[PlyCount "116"]
[EventDate "2006.??.??"]

1. d4 Nf6 2. Nf3 g6 3. c4 Bg7 4. Nc3 d5 5. cxd5 Nxd5 6. Bd2 O-O 7. Rc1 Nxc3 8.
Bxc3 Bf5 9. e3 c6 10. Bd3 Bxd3 11. Qxd3 e5 12. Qb1 exd4 13. Bxd4 Nd7 14. Bxg7
Kxg7 15. O-O Qf6 16. Rfd1 Rad8 17. Qc2 Nb6 18. Rd2 Rxd2 19. Nxd2 Rd8 20. Ne4
Qe7 21. b3 Nd5 22. Qb2+ f6 23. Ng3 h5 24. Nf1 c5 25. Qc2 b6 26. a3 Nc7 27. b4
Ne6 28. Qb3 Qd7 29. f4 Qd5 30. Qxd5 Rxd5 31. e4 Nxf4 32. exd5 Ne2+ 33. Kf2 Nxc1
34. bxc5 Nd3+ 35. Ke3 Nxc5 36. Nd2 Kf7 37. Nf3 Ke7 38. Nh4 Kf7 39. Kd4 Nb7 40.
Kc4 Nd6+ 41. Kb4 f5 42. Nf3 Kf6 43. h4 f4 44. Kc3 Nf5 45. Kd3 Ne3 46. Ke4 Nxg2
47. d6 Ke6 48. d7 Kxd7 49. Ne5+ Ke6 50. Nxg6 Kf6 51. Ne5 Nxh4 52. Nc6 Kg5 53.
Nxa7 Kg4 54. Nc8 b5 55. Nd6 f3 56. Ke3 Kg3 57. Ne4+ Kg2 58. Nd2 f2 0-1

[Event "Lichtenrader Herbst 2006"]
[Site "Berlin"]
[Date "2006.10.04"]
[Round "5.10"]
[White "Maahs, Erich"]
[Black "Koerner, Helmut"]
[Result "1/2-1/2"]
[WhiteElo "2183"]
[BlackElo "1976"]
[PlyCount "126"]
[EventDate "2006.??.??"]

1. e4 d5 2. exd5 Qxd5 3. Nc3 Qa5 4. Bc4 Bf5 5. d3 e6 6. Bd2 c6 7. g4 Qe5+ 8.
Be3 Bg6 9. Nf3 Qa5 10. Bd2 Qc7 11. Qe2 Bd6 12. O-O-O Nd7 13. h4 h5 14. Ng5
O-O-O 15. f3 Re8 16. Nge4 Bf4 17. d4 Ngf6 18. g5 Nd5 19. Kb1 N7b6 20. Bb3 Bf5
21. Qf2 Rd8 22. Ne2 Bxd2 23. Rxd2 Kb8 24. Rhd1 Rhe8 25. N4g3 Bg6 26. f4 Qd7 27.
Qf3 Rh8 28. Ka1 Nc8 29. c3 Nd6 30. Re1 Nf5 31. Nxf5 Bxf5 32. Ng3 Bg4 33. Qe4
Qd6 34. Rf2 Ne7 35. Bc2 Nf5 36. Nxf5 Bxf5 37. Qe5 Qxe5 38. Rxe5 Bxc2 39. Rxc2
g6 40. b4 Rd5 41. Rce2 Rhd8 42. Kb2 Kc7 43. Kc2 a5 44. a3 axb4 45. axb4 Ra8 46.
Kb2 Rdd8 47. Re1 Ra4 48. Ra1 Rxa1 49. Kxa1 b5 50. Kb2 Ra8 51. Re1 Kd6 52. Kb3
Kd5 53. Re5+ Kd6 54. Kb2 Ra4 55. Rc5 Kd7 56. Re5 Kd6 57. Kb1 Ra3 58. Kb2 Ra4
59. Re1 Kd5 60. Kb3 Ra8 61. Re5+ Kd6 62. Kb2 Ra4 63. Rc5 Kd7 1/2-1/2

[Event "Lichtenrader Herbst 2006"]
[Site "Berlin"]
[Date "2006.10.04"]
[Round "5.11"]
[White "Jaeschke, Jens-Uwe"]
[Black "Kachibadze, Georg"]
[Result "1/2-1/2"]
[WhiteElo "2180"]
[BlackElo "1939"]
[PlyCount "44"]
[EventDate "2006.??.??"]

1. c4 e6 2. Nc3 d5 3. d4 Nf6 4. cxd5 exd5 5. Bg5 Be7 6. e3 O-O 7. Qc2 Nbd7 8.
Bd3 Re8 9. Nge2 Nf8 10. O-O-O Be6 11. h3 Rc8 12. Kb1 c5 13. dxc5 Rxc5 14. Bf4
Qa5 15. Qa4 Qxa4 16. Nxa4 Ra5 17. Nac3 Ne4 18. Bc7 Rc5 19. Bxe4 dxe4 20. Bd6
Bxd6 21. Rxd6 Bc4 22. b4 Rc7 1/2-1/2

[Event "Lichtenrader Herbst 2006"]
[Site "Berlin"]
[Date "2006.10.04"]
[Round "5.12"]
[White "Glantz, Robert"]
[Black "Stippekohl, Peter"]
[Result "1/2-1/2"]
[WhiteElo "1926"]
[BlackElo "2177"]
[PlyCount "81"]
[EventDate "2006.??.??"]

1. e4 c6 2. d4 d5 3. exd5 cxd5 4. c4 Nf6 5. Nc3 e6 6. Nf3 Bb4 7. Bd3 Nbd7 8.
O-O O-O 9. Bg5 h6 10. Bh4 dxc4 11. Bxc4 Be7 12. a3 a6 13. Ba2 b5 14. Qe2 Bb7
15. Rfe1 Re8 16. Rad1 Nb6 17. Ne5 Nbd5 18. Nxf7 Kxf7 19. Qxe6+ Kf8 20. Bxf6
Bxf6 21. Qxe8+ Qxe8 22. Rxe8+ Rxe8 23. Bxd5 Bxd5 24. Nxd5 Bxd4 25. Nc3 Bxc3 26.
bxc3 Re2 27. c4 bxc4 28. Rc1 Ra2 29. g3 Rxa3 30. Rxc4 Ra2 31. Rc8+ Kf7 32. Rc7+
Kg6 33. Kg2 a5 34. Ra7 a4 35. Kf3 a3 36. Ra6+ Kh7 37. h4 h5 38. Kg2 Ra1 39. Kf3
g6 40. Kf4 Kh6 41. Kf3 1/2-1/2

[Event "Lichtenrader Herbst 2006"]
[Site "Berlin"]
[Date "2006.10.04"]
[Round "5.13"]
[White "Shapiro, Yosip"]
[Black "Weigelt, Thomas"]
[Result "0-1"]
[WhiteElo "2131"]
[BlackElo "1756"]
[PlyCount "125"]
[EventDate "2006.??.??"]

1. e4 e5 2. Nf3 Nc6 3. Bb5 a6 4. Ba4 Nf6 5. O-O b5 6. Bb3 Be7 7. Re1 d6 8. c3
O-O 9. h3 Re8 10. d4 Bf8 11. Nbd2 Na5 12. Bc2 c5 13. d5 c4 14. Nf1 g6 15. Bg5
Bg7 16. Qd2 Qc7 17. N3h2 Nh5 18. g4 Nf6 19. Ng3 h5 20. f3 Nh7 21. Be3 Nb7 22.
Kh1 Qe7 23. Rg1 h4 24. Ngf1 g5 25. Bf2 Nf8 26. Ne3 f6 27. Nf5 Qc7 28. Nf1 Ng6
29. N1e3 Bf8 30. Ng2 Nc5 31. Be3 Kh7 32. Bxg5 fxg5 33. Qxg5 Qf7 34. Qh5+ Kg8
35. Qg5 Kh8 36. Raf1 Be7 37. Qe3 Qh7 38. f4 exf4 39. Nxf4 Ne5 40. Ng2 Ra7 41.
b4 cxb3 42. axb3 Rd7 43. g5 Rg8 44. Nxe7 Rxe7 45. Rf6 Nf7 46. g6 Rxg6 47. e5
Rxf6 48. Bxh7 Rxe5 49. Qc1 Kxh7 50. Nf4 Ne4 51. Kh2 Ng3 52. Rg2 Ng5 53. Rf2
N5e4 54. Rf3 Ref5 55. Qe3 Rf7 56. b4 Bb7 57. Kg2 Bxd5 58. Nxd5 Rxf3 59. Qxf3
Rxf3 60. Kxf3 Kg6 61. Kf4 Kh5 62. Nf6+ Kg6 63. Nd5 0-1

[Event "Lichtenrader Herbst 2006"]
[Site "Berlin"]
[Date "2006.10.04"]
[Round "5.14"]
[White "Merz, Ruediger"]
[Black "Schatz, Walter"]
[Result "0-1"]
[WhiteElo "1851"]
[BlackElo "2125"]
[PlyCount "102"]
[EventDate "2006.??.??"]

1. e4 c5 2. Nf3 Nc6 3. d4 cxd4 4. Nxd4 Qb6 5. Nb3 Nf6 6. Be3 Qc7 7. f3 e6 8. c4
Bd6 9. g3 h5 10. c5 Be5 11. Nc3 a6 12. Qd2 h4 13. g4 d5 14. exd5 Nxd5 15. Nxd5
exd5 16. O-O-O O-O 17. Kb1 a5 18. Nd4 a4 19. Nb5 Qb8 20. Bg5 b6 21. Bxh4 bxc5
22. Qxd5 Bb7 23. Qxc5 Na5 24. Bg3 Re8 25. Bxe5 Qxe5 26. Qxe5 Rxe5 27. Nd4 Rd8
28. Be2 Rxd4 29. Rxd4 Rxe2 30. Rxa4 Bxf3 31. Rf1 Be4+ 32. Kc1 Rc2+ 33. Kd1 Nc4
34. Rxc4 Rxc4 35. Rf2 {(=)} 35... Bd5 36. Rc2 Rd4+ 37. Ke2 Bxa2 38. Kf3 Be6 39.
h3 Rd3+ 40. Kg2 Rb3 41. Rd2 Kh7 42. Re2 Kh6 43. Rd2 Kg5 44. Rc2 Kh4 45. Rc5
Rxb2+ 46. Kf3 Rb3+ 47. Kg2 g6 48. g5 Bxh3+ 49. Kf2 Bf5 50. Rc7 Be6 51. Rc5 Rg3
0-1

[Event "Lichtenrader Herbst 2006"]
[Site "Berlin"]
[Date "2006.10.04"]
[Round "5.15"]
[White "Just, Detlef"]
[Black "Jaeger, Andre"]
[Result "0-1"]
[WhiteElo "1775"]
[BlackElo "2120"]
[PlyCount "71"]
[EventDate "2006.??.??"]

1. Nf3 c5 2. g3 Nc6 3. Bg2 g6 4. O-O Bg7 5. e4 e6 6. c3 Nf6 7. e5 Nd5 8. d4
cxd4 9. cxd4 d6 10. Re1 O-O 11. Na3 Nb6 12. Qe2 dxe5 13. dxe5 Nd7 14. Bf4 h6
15. Rad1 g5 16. Bc1 Qa5 17. Nc4 Qxa2 18. Bxg5 Ndxe5 19. Nfxe5 Nxe5 20. Nxe5
hxg5 21. Qh5 Qxb2 22. Be4 f5 23. Ng6 Re8 24. Bxf5 Qf6 25. Be4 e5 26. Nh4 Be6
27. Bh7+ Kf8 28. Ng6+ Kf7 29. Nxe5+ Kf8 30. Ng6+ Kf7 31. Re3 Bf5 32. Nh4+ Kf8
33. Nxf5 Rxe3 34. fxe3 Rd8 35. Rf1 Qc3 36. Qxg5 0-1

[Event "Lichtenrader Herbst 2006"]
[Site "Berlin"]
[Date "2006.10.04"]
[Round "5.16"]
[White "Hoppensack, Manfred"]
[Black "Davydov, Ruven"]
[Result "1-0"]
[WhiteElo "2110"]
[BlackElo "1534"]
[PlyCount "65"]
[EventDate "2006.??.??"]

1. e4 c5 2. Nf3 e6 3. d4 cxd4 4. Nxd4 Qb6 5. Nb3 Qc7 6. Nc3 a6 7. Qf3 b5 8. Bf4
Qb6 9. Be3 Qc7 10. Bf4 Qb6 11. Qg3 Nf6 12. Be3 Qd8 13. e5 Nd5 14. Ne4 Nxe3 15.
fxe3 Qb6 16. O-O-O Nc6 17. Nd4 Bb7 18. Nd6+ Bxd6 19. exd6 O-O 20. Nxc6 Bxc6 21.
Bd3 Qb7 22. Qh4 h6 23. Rhg1 Qb6 24. Rde1 Bd5 25. g4 f6 26. Qh5 e5 27. Qf5 Qc6
28. g5 hxg5 29. Qh7+ Kf7 30. Bg6+ Ke6 31. e4 Bxa2 32. Rd1 Bb3 33. Qh3+ 1-0

[Event "Lichtenrader Herbst 2006"]
[Site "Berlin"]
[Date "2006.10.04"]
[Round "5.17"]
[White "Schalck, Christiano"]
[Black "Dimitrijeski, Kristian"]
[Result "0-1"]
[WhiteElo "1624"]
[BlackElo "2104"]
[PlyCount "98"]
[EventDate "2006.??.??"]

1. e4 c6 2. d4 d5 3. Nd2 dxe4 4. Nxe4 Nd7 5. Ng5 Ngf6 6. Bd3 e6 7. N1f3 Bd6 8.
Qe2 h6 9. Ne4 Nxe4 10. Qxe4 Qc7 11. O-O b6 12. Qg4 Kf8 13. b3 Bb7 14. Bb2 Nf6
15. Qh4 Rd8 16. Rae1 Nd5 17. c4 Nf4 18. Be4 g5 19. Nxg5 Be7 20. Nxe6+ Nxe6 21.
Qh5 Nf4 22. Qf3 Rg8 23. g3 Nh3+ 24. Kg2 Ng5 25. Qh5 Qd6 26. Bb1 Bc8 27. Kh1 Qf6
28. f4 Ne6 29. Rd1 c5 30. d5 Qxb2 31. dxe6 Bb7+ 32. Rd5 fxe6 33. Qxh6+ Qg7 34.
Qxe6 Qf6 35. Qe4 Bxd5 36. cxd5 Rh8 37. Re1 Rh5 38. Rd1 Qd6 39. a3 Rxd5 40. Re1
Rd1 41. Qf5+ Qf6 42. Rg1 Rxg1+ 43. Kxg1 Qxf5 44. Bxf5 b5 45. h4 c4 46. bxc4
bxc4 47. h5 c3 48. h6 Rd1+ 49. Kg2 c2 0-1

[Event "Lichtenrader Herbst 2006"]
[Site "Berlin"]
[Date "2006.10.04"]
[Round "5.18"]
[White "Nowka, Oliver"]
[Black "Hohn, August"]
[Result "1/2-1/2"]
[WhiteElo "1950"]
[BlackElo "2095"]
[PlyCount "51"]
[EventDate "2006.??.??"]

1. a3 c5 2. g4 d5 3. h3 Nc6 4. Bg2 e6 5. c4 h5 6. gxh5 Nf6 7. Nc3 Rxh5 8. d3 d4
9. Ne4 Nxe4 10. Bxe4 g6 11. Bd2 Qd6 12. Qc2 Bd7 13. O-O-O O-O-O 14. Bg2 Kb8 15.
Nf3 Bh6 16. Bxh6 Rxh6 17. Qd2 Rh5 18. Ng5 Qe7 19. h4 f6 20. Ne4 e5 21. Bf3 Rh7
22. Rdg1 Bf5 23. Ng3 Bd7 24. Ne4 Bf5 25. Ng3 Bd7 26. Ne4 1/2-1/2

[Event "Lichtenrader Herbst 2006"]
[Site "Berlin"]
[Date "2006.10.04"]
[Round "5.19"]
[White "Albrecht, Rainer"]
[Black "Malzahn, Sven"]
[Result "1/2-1/2"]
[WhiteElo "2244"]
[BlackElo "1964"]
[PlyCount "45"]
[EventDate "2006.??.??"]

1. d4 Nf6 2. c4 e6 3. Nc3 Bb4 4. f3 c5 5. d5 b5 6. e4 bxc4 7. Bxc4 Nxd5 8. Bxd5
exd5 9. Qxd5 Nc6 10. Nge2 Ba6 11. Kf2 O-O 12. Rd1 Re8 13. Bf4 Ba5 14. a3 Qf6
15. Bd6 Rad8 16. Na4 Ne5 17. h3 Bb5 18. Nxc5 Bb6 19. Nc3 Bxc5+ 20. Bxc5 Bc4 21.
Qd4 Qh4+ 22. g3 Qh5 23. Kg2 1/2-1/2

[Event "Lichtenrader Herbst 2006"]
[Site "Berlin"]
[Date "2006.10.04"]
[Round "5.20"]
[White "Bukowski, Henryk"]
[Black "Tchetchelnitski, Boris"]
[Result "0-1"]
[WhiteElo "1924"]
[BlackElo "2232"]
[PlyCount "83"]
[EventDate "2006.??.??"]

1. d4 e6 2. Nf3 Nf6 3. g3 b5 4. Bg2 Bb7 5. O-O Be7 6. Nbd2 d5 7. c3 O-O 8. Qb3
a6 9. a4 Bc6 10. Ne5 bxa4 11. Qc2 Bb7 12. Qxa4 c5 13. Qb3 Qc7 14. Ndf3 Nbd7 15.
Bf4 Qb6 16. Qa4 Qb5 17. Nxd7 Nxd7 18. Qxb5 axb5 19. dxc5 Bxc5 20. Bd2 Rfc8 21.
h4 Bb6 22. Bh3 Nf6 23. Rfc1 Ne4 24. Be1 Nxg3 25. Bf1 Nxf1 26. Kxf1 h6 27. Nd4
Ba6 28. Kg1 b4 29. e3 bxc3 30. Rxc3 Bb7 31. Rxa8 Rxa8 32. Rb3 Bxd4 33. Rxb7 Bf6
34. h5 Ra1 35. Kf1 Rb1 36. Rb8+ Kh7 37. Rb7 Bc3 38. Rxf7 Rxe1+ 39. Kg2 Bxb2 40.
Re7 e5 41. Rb7 Bc3 42. Rb5 0-1

[Event "Lichtenrader Herbst 2006"]
[Site "Berlin"]
[Date "2006.10.05"]
[Round "6.1"]
[White "Kiesekamp, Marcos"]
[Black "Figura, Atila Gajo"]
[Result "0-1"]
[WhiteElo "2251"]
[BlackElo "2352"]
[PlyCount "66"]
[EventDate "2006.??.??"]

1. e4 c5 2. d4 cxd4 3. c3 dxc3 4. Nxc3 e6 5. Nf3 a6 6. Bc4 b5 7. Bb3 Bb7 8. Qe2
d6 9. O-O Nd7 10. Rd1 Ngf6 11. a3 Be7 12. Bf4 Qb8 13. Rd2 O-O 14. Rad1 Ne5 15.
Ne1 Bc6 16. Nc2 Rd8 17. Bg3 Qb7 18. Rd4 a5 19. f4 Ned7 20. e5 dxe5 21. fxe5 Ne8
22. Bf2 Nf8 23. Rxd8 Rxd8 24. Rxd8 Bxd8 25. Nd4 b4 26. axb4 axb4 27. Na4 Bxg2
28. Nc5 Qa8 29. Be1 Bd5 30. Bxb4 Qa1+ 31. Kf2 Bh4+ 32. Ke3 Qc1+ 33. Kd3 Ng6 0-1

[Event "Lichtenrader Herbst 2006"]
[Site "Berlin"]
[Date "2006.10.05"]
[Round "6.2"]
[White "Piepho, Niels"]
[Black "Fette, Martin"]
[Result "1-0"]
[WhiteElo "2218"]
[BlackElo "2315"]
[PlyCount "75"]
[EventDate "2006.??.??"]

1. Nf3 Nc6 2. g3 e5 3. d3 Nf6 4. Bg2 g6 5. O-O Bg7 6. c4 O-O 7. Nc3 d6 8. Rb1
a5 9. a3 Re8 10. Ne1 Bg4 11. b4 axb4 12. axb4 Qd7 13. b5 Nd8 14. Nc2 Bh3 15. e4
c6 16. Nb4 Bxg2 17. Kxg2 Ne6 18. h3 Nh5 19. Na4 Qc7 20. Be3 Nd4 21. Bxd4 exd4
22. bxc6 bxc6 23. c5 dxc5 24. Nxc5 Bf8 25. Qc2 Ra5 26. Nba6 Qa7 27. Rb7 Qa8 28.
Qc4 Re7 29. Rfb1 Rxb7 30. Rxb7 Qe8 31. Qxd4 Rb5 32. Ra7 Bg7 33. Qc4 Rb2 34. Nc7
Qe7 35. Ra8+ Bf8 36. Qd4 Rxf2+ 37. Qxf2 Qxc7 38. Ne6 1-0

[Event "Lichtenrader Herbst 2006"]
[Site "Berlin"]
[Date "2006.10.05"]
[Round "6.3"]
[White "Giemsa, Stephan"]
[Black "Teschke, Olaf"]
[Result "1-0"]
[WhiteElo "2296"]
[BlackElo "2254"]
[PlyCount "99"]
[EventDate "2006.??.??"]

1. d4 Nf6 2. c4 e6 3. g3 c5 4. d5 exd5 5. cxd5 b5 6. Bg2 d6 7. e4 Bb7 8. Nh3 g6
9. b3 Bg7 10. Bb2 O-O 11. O-O Nbd7 12. f4 Nb6 13. Na3 a6 14. Qd2 Rc8 15. Rac1
Rc7 16. Nf2 Re7 17. b4 Na4 18. Ba1 Ne8 19. Bxg7 Nxg7 20. bxc5 Nxc5 21. e5 Qb6
22. exd6 Rd7 23. Qd4 Na4 24. Qxb6 Nxb6 25. Ne4 f5 26. Nc5 Rdf7 27. Nxb7 Rxb7
28. Rc7 Rf7 29. Rfc1 Ne8 30. Rxf7 Kxf7 31. Rc6 b4 32. Rxb6 Rxb6 33. d7 Rb8 34.
dxe8=Q+ Rxe8 35. Nc2 a5 36. Kf2 Rc8 37. Nd4 Rc4 38. Ke3 Rc3+ 39. Kd2 Ra3 40. d6
Rxa2+ 41. Nc2 Rxc2+ 42. Kxc2 Ke6 43. Bd5+ Kxd6 44. Bg8 h6 45. Kb3 Kc5 46. Bh7
g5 47. Bxf5 gxf4 48. gxf4 Kd4 49. Bb1 h5 50. h4 1-0

[Event "Lichtenrader Herbst 2006"]
[Site "Berlin"]
[Date "2006.10.05"]
[Round "6.4"]
[White "Getz, Nicolai"]
[Black "Meissner, Hans-Juergen"]
[Result "1/2-1/2"]
[WhiteElo "1924"]
[BlackElo "2225"]
[PlyCount "69"]
[EventDate "2006.??.??"]

1. e4 c5 2. Nf3 d6 3. d4 cxd4 4. Nxd4 Nf6 5. Nc3 a6 6. g3 Bg4 7. f3 Bd7 8. g4
h6 9. Be3 Nc6 10. Qd2 e6 11. O-O-O b5 12. Bd3 b4 13. Nxc6 Bxc6 14. Ne2 d5 15.
e5 Nd7 16. Bd4 Nc5 17. f4 Bb5 18. Kb1 Nxd3 19. cxd3 h5 20. f5 hxg4 21. fxe6
fxe6 22. Nf4 Rh6 23. Qg2 Qg5 24. Rhf1 Be7 25. Nxe6 Rxe6 26. Qxd5 Rd8 27. Qxe6
Rxd4 28. Qg8+ Kd7 29. Rc1 Qxe5 30. Qc8+ Kd6 31. Rfe1 Bxd3+ 32. Ka1 Be4 33.
Qxa6+ Kd7 34. Qc8+ Kd6 35. Qa6+ 1/2-1/2

[Event "Lichtenrader Herbst 2006"]
[Site "Berlin"]
[Date "2006.10.05"]
[Round "6.5"]
[White "Dimitrijeski, Kristian"]
[Black "Haemmerlein, Thomas"]
[Result "1-0"]
[WhiteElo "2104"]
[BlackElo "2195"]
[PlyCount "86"]
[EventDate "2006.??.??"]

1. d4 f5 2. g3 Nf6 3. Bg2 g6 4. Nh3 d6 5. d5 c6 6. c4 e5 7. dxe6 Bxe6 8. b3 Bg7
9. Bb2 O-O 10. Nf4 Bf7 11. O-O Na6 12. Nd2 Nc5 13. b4 Nce4 14. Nxe4 fxe4 15.
Rc1 Qe7 16. e3 g5 17. Ne2 Bh5 18. Qc2 d5 19. cxd5 cxd5 20. Nd4 Ng4 21. Qc5 Qf7
22. Qc7 Ne5 23. Qxf7+ Rxf7 24. Ne6 Rf5 25. Nxg7 Kxg7 26. Rc7+ Kg8 27. Bxe5 Rxe5
28. Rxb7 Be2 29. Rc1 Bh5 30. Rcc7 Bg6 31. Rxa7 Rf8 32. Bh3 d4 33. exd4 e3 34.
fxe3 Rxe3 35. Re7 Rd3 36. Re1 Rxd4 37. b5 Rb4 38. a4 Bd3 39. Bf1 Bxf1 40. Rxf1
Re8 41. Rff7 Re2 42. Rf2 Re1+ 43. Kg2 Ra1 1-0

[Event "Lichtenrader Herbst 2006"]
[Site "Berlin"]
[Date "2006.10.05"]
[Round "6.6"]
[White "Neerforth, Philipp"]
[Black "Hoppensack, Manfred"]
[Result "1-0"]
[WhiteElo "2184"]
[BlackElo "2110"]
[PlyCount "77"]
[EventDate "2006.??.??"]

1. Nf3 Nf6 2. c4 e6 3. Nc3 Bb4 4. Qc2 O-O 5. a3 Be7 6. d4 d6 7. e4 Nc6 8. Bd3
e5 9. d5 Nb8 10. O-O Nh5 11. c5 Bg4 12. Be2 Nf4 13. Bxf4 Bxf3 14. Bxf3 exf4 15.
e5 Qc8 16. exd6 cxd6 17. c6 Bf6 18. Qb3 b6 19. Be2 Be5 20. Qc4 a6 21. Qb3 Re8
22. Rfe1 Qc7 23. Bf3 Re7 24. Re2 Qd8 25. Na4 b5 26. Nc3 Raa7 27. Rae1 f6 28.
Bg4 Qb6 29. Na4 Qa5 30. Nc5 g6 31. Nd3 Kf8 32. g3 fxg3 33. hxg3 f5 34. Nxe5
Rxe5 35. Rxe5 dxe5 36. Qe3 Qc7 37. Qc5+ Kg7 38. d6 Qa5 39. Qxa7+ 1-0

[Event "Lichtenrader Herbst 2006"]
[Site "Berlin"]
[Date "2006.10.05"]
[Round "6.7"]
[White "Schatz, Walter"]
[Black "Just, Detlef"]
[Result "1-0"]
[WhiteElo "2125"]
[BlackElo "1775"]
[PlyCount "65"]
[EventDate "2006.??.??"]

1. Nf3 Nf6 2. c4 g6 3. Nc3 Bg7 4. g3 O-O 5. d4 d6 6. Bg2 Nbd7 7. O-O e5 8. e4
a6 9. Re1 c6 10. a4 Qc7 11. h3 Re8 12. Be3 exd4 13. Nxd4 Ne5 14. b3 c5 15. Nde2
Bxh3 16. Bxh3 Nf3+ 17. Kf1 Nxe1 18. Qxe1 Nxe4 19. Nxe4 Rxe4 20. Rd1 Rae8 21.
Nc3 Rd4 22. Nd5 Qd8 23. Rb1 Re5 24. Qc1 Rdxd5 25. cxd5 Rxd5 26. Qc4 Rh5 27. Bg2
d5 28. Rd1 d4 29. Bf4 Qc8 30. Re1 Qd7 31. Qe2 Bf8 32. Qe8 Qf5 33. Bd6 1-0

[Event "Lichtenrader Herbst 2006"]
[Site "Berlin"]
[Date "2006.10.05"]
[Round "6.8"]
[White "Weigelt, Thomas"]
[Black "Gebigke, Martin"]
[Result "0-1"]
[WhiteElo "1756"]
[BlackElo "2196"]
[PlyCount "78"]
[EventDate "2006.??.??"]

1. d4 Nf6 2. Nf3 e6 3. g3 d5 4. Bg2 Be7 5. O-O O-O 6. c4 dxc4 7. Nc3 Nc6 8. Bg5
Rb8 9. a4 a6 10. e4 b5 11. axb5 axb5 12. Bxf6 Bxf6 13. e5 Be7 14. d5 exd5 15.
Nxd5 Nb4 16. Ne1 Nxd5 17. Qxd5 Qxd5 18. Bxd5 Rd8 19. Be4 Rd4 20. Bc2 Bh3 21.
Nf3 Rdd8 22. Rfd1 Bg4 23. Be4 Bc5 24. Rd5 Rxd5 25. Bxd5 Rd8 26. Ra8 Rxa8 27.
Bxa8 b4 28. Nd2 Be6 29. Be4 Bd4 30. b3 cxb3 31. Nf3 Bc3 32. Ng5 Bc4 33. f4 b2
34. Bxh7+ Kh8 35. Bb1 Bd4+ 36. Kg2 Bd5+ 37. Kf1 f6 38. e6 fxg5 39. e7 Bf7 0-1

[Event "Lichtenrader Herbst 2006"]
[Site "Berlin"]
[Date "2006.10.05"]
[Round "6.9"]
[White "Hohn, August"]
[Black "Postler, Reinhard"]
[Result "0-1"]
[WhiteElo "2095"]
[BlackElo "2331"]
[PlyCount "72"]
[EventDate "2006.??.??"]

1. c4 c6 2. e3 d5 3. Nf3 Nf6 4. b3 Bf5 5. Bb2 e6 6. Be2 h6 7. O-O Be7 8. Ne5
O-O 9. d4 Nbd7 10. f4 Nxe5 11. fxe5 Ne4 12. cxd5 cxd5 13. Nd2 Qa5 14. Nxe4 Bxe4
15. Bd3 Bxd3 16. Qxd3 Rac8 17. a4 Rc7 18. Rf2 Qa6 19. Qb5 Rfc8 20. Raf1 Bg5 21.
Re1 Rc6 22. Qxa6 Rxa6 23. e4 dxe4 24. Rxe4 Rb6 25. Rf3 Rbc6 26. h4 Bc1 27. Re2
Bxb2 28. Rxb2 Rc2 29. Rxc2 Rxc2 30. Rd3 Kf8 31. d5 exd5 32. Rxd5 Ke7 33. Rb5 b6
34. a5 Rc5 35. Rb4 Rxa5 36. Rg4 g6 0-1

[Event "Lichtenrader Herbst 2006"]
[Site "Berlin"]
[Date "2006.10.05"]
[Round "6.10"]
[White "Tchetchelnitski, Boris"]
[Black "Bornschein, Burkhard"]
[Result "1-0"]
[WhiteElo "2232"]
[BlackElo "2021"]
[PlyCount "96"]
[EventDate "2006.??.??"]

1. c4 Nf6 2. g3 c6 3. Bg2 d5 4. Nf3 Bg4 5. Ne5 Be6 6. d4 Nbd7 7. O-O dxc4 8.
Qc2 Qb6 9. Nxd7 Nxd7 10. Rd1 Nf6 11. Na3 Rd8 12. Bf4 Qa6 13. e4 b5 14. Qe2 Bg4
15. f3 Be6 16. Nc2 Qa5 17. Bd2 Qb6 18. a4 Bc8 19. axb5 Qxb5 20. Bc3 a6 21. Ne3
e6 22. f4 Bb4 23. Qxc4 Bxc3 24. bxc3 O-O 25. Rdb1 Qxc4 26. Nxc4 c5 27. dxc5 Rd3
28. Ra3 Rfd8 29. Nd6 Bd7 30. Bf1 Re3 31. Bg2 Bb5 32. Rba1 Kf8 33. c4 Rxa3 34.
Rxa3 Bc6 35. Rxa6 Ba8 36. e5 Bxg2 37. Kxg2 Ne8 38. Ra7 f6 39. Kf3 h5 40. Ke4 g5
41. fxg5 fxg5 42. Rh7 Ng7 43. c6 Kg8 44. Rh6 Rf8 45. c7 Ne8 46. Nxe8 Rxe8 47.
Rg6+ Kh7 48. Rf6 Kg7 1-0

[Event "Lichtenrader Herbst 2006"]
[Site "Berlin"]
[Date "2006.10.05"]
[Round "6.11"]
[White "Bruening, Wolfgang"]
[Black "Kaiser, Martin"]
[Result "0-1"]
[WhiteElo "2056"]
[BlackElo "2186"]
[PlyCount "58"]
[EventDate "2006.??.??"]

1. d4 Nf6 2. c4 g6 3. Nc3 Bg7 4. e4 d6 5. Nf3 O-O 6. g3 e5 7. Bg2 Nc6 8. d5 Nd4
9. Nxd4 exd4 10. Ne2 c5 11. dxc6 bxc6 12. O-O Bg4 13. f3 Be6 14. Nxd4 Bxc4 15.
Rf2 Qb6 16. Be3 c5 17. b3 Nxe4 18. fxe4 cxd4 19. Bg5 Be6 20. Bf6 Bxf6 21. Rxf6
Rac8 22. Rf2 Rfd8 23. Rd2 d5 24. e5 d3+ 25. Kh1 Bf5 26. Rc1 Qd4 27. Rxc8 Rxc8
28. Qf3 Rc2 29. Qd1 Rxd2 0-1

[Event "Lichtenrader Herbst 2006"]
[Site "Berlin"]
[Date "2006.10.05"]
[Round "6.12"]
[White "Kristovic, Stjepan"]
[Black "Maahs, Erich"]
[Result "1-0"]
[WhiteElo "2053"]
[BlackElo "2183"]
[PlyCount "118"]
[EventDate "2006.??.??"]

1. e4 e5 2. Nf3 Nf6 3. Nc3 Bb4 4. Bc4 d6 5. d3 h6 6. Bd2 Nc6 7. a3 Ba5 8. h3
O-O 9. g4 Nh7 10. Rg1 Be6 11. b4 Bxc4 12. dxc4 Bb6 13. Na4 f6 14. h4 Qe8 15. c3
Qf7 16. Qe2 a6 17. Rg2 Ba7 18. Nb2 Nd8 19. Be3 Ne6 20. Qd2 c5 21. Qd5 Kh8 22.
Rd1 Rfd8 23. Rg3 Rd7 24. Na4 Rad8 25. b5 Kg8 26. g5 fxg5 27. hxg5 hxg5 28. b6
Bb8 29. Nxg5 Nhxg5 30. Bxg5 Nxg5 31. Rxg5 Qxd5 32. Rxd5 Kf7 33. Rd3 Kf6 34.
Rdg3 Rg8 35. Rg6+ Kf7 36. Nb2 Re7 37. Nd1 Re6 38. Rxe6 Kxe6 39. Ne3 g6 40. a4
Kf7 41. Nd5 Rh8 42. Rf3+ Kg7 43. Rf6 Rf8 44. Re6 Rf7 45. Kf1 Rf8 46. Kg2 Rf7
47. f3 Rf8 48. Kg3 Rf7 49. Kg4 Rf8 50. Re7+ Rf7 51. Kg5 Kf8 52. Rc7 Rxf3 53.
Rxb7 Rf2 54. Rxb8+ Kg7 55. Rb7+ Kf8 56. Kxg6 Ke8 57. Nf6+ Kd8 58. Kf7 a5 59.
Ke6 Rd2 1-0